[Event "Barra de Sao Miguel op"]
[Site "Barra de Sao Miguel"]
[Date "2019.10.13"]
[Round "6"]
[White "Biehl, Ana Luiza Do Nascim"]
[Black "Dos Santos, Hevylla Crislanne G"]
[Result "1-0"]
[WhiteElo "1814"]
[BlackElo "1798"]
[PlyCount "30"]
[EventDate "2019.10.10"]
[EventType "swiss"]
[EventRounds "7"]
[EventCountry "BRA"]
[SourceTitle "CBM 192 Extra"]
[Source "Chessbase"]
[SourceDate "2019.11.06"]
[SourceVersion "1"]
[SourceVersionDate "2019.11.06"]
[SourceQuality "1"]

1. d4 d5 2. Nf3 Nc6 3. e3 Nf6 4. c4 e6 5. Nc3 b6 6. a3 Bb7 7. Bd3 Be7 8. e4 dxe4 9. Nxe4 Nxd4 10. Nxf6+ Bxf6 11. Be2 Be4 12. 0-0 Bc2 13. Qe1 0-0 14. a4 Nxe2+ 15. Qxe2 Bd3 1-0